| 000 | 00451nam a2200181Ia 4500 | ||
|---|---|---|---|
| 005 | 20221107120240.0 | ||
| 008 | 131103s9999 xx 000 0 und d | ||
| 040 | _aLoreto College | ||
| 041 | _aEnglish | ||
| 082 |
_a954.02 _bTRI |
||
| 100 | _aTripathi,R.P. | ||
| 245 |
_aMughal empire _cR.P.Tripathi |
||
| 260 |
_aAllahabad _bCentral Book Depot _c1987 |
||
| 300 | _a345 p. | ||
| 650 | _aHistory - Medieval India | ||
| 850 | _aLCLIB | ||
| 942 | _cBK | ||
| 999 |
_c9550 _d60029 |
||